Country focus (Record no. 79720)

MARC details
000 -LEADER
fixed length control field 00929cab a22001935a 4500
001 - CONTROL NUMBER
control field L142066
008 - FIXED-LENGTH DATA ELEMENTS--GENERAL INFORMATION
fixed length control field 080123e20080118xxk f 000 0 eng d
035 ## - SYSTEM CONTROL NUMBER
System control number (Sirsi) u142066
041 0# - LANGUAGE CODE
Language code of text/sound track or separate title eng
100 1# - MAIN ENTRY--PERSONAL NAME
Personal name Uttley del Corral, Marcos
245 00 - TITLE STATEMENT
Title Country focus
Remainder of title Spain
260 ## - PUBLICATION, DISTRIBUTION, ETC.
Date of publication, distribution, etc. 2008
490 #0 - SERIES STATEMENT
Series statement Building
Volume/sequential designation 273(8512) 18 January 2008, 64-66(3)
520 ## - SUMMARY, ETC.
Summary, etc. Focus on Spain's economy and construction market. While the Spanish economy has enjoyed high growth over the last 10 years, there are indications of a slowdown in the construction sector and the housing market. Briefly looks at the Spanish property market, offices, the industrial and warehousing sector, retail, the construction market, and construction costs. Includes key statistics for the Spanish construction industry and costs for various buildings.
590 ## - LOCAL NOTE (RLIN)
Local note KA
651 #4 - SUBJECT ADDED ENTRY--GEOGRAPHIC NAME
Geographic name Spain
690 ## - LOCAL SUBJECT ADDED ENTRY--TOPICAL TERM (OCLC, RLIN)
Topical term or geographic name as entry element BUILT ENVIRONMENT-CONSTRUCTION MARKET
942 ## - ADDED ENTRY ELEMENTS (KOHA)
Suppress in OPAC 0
Holdings
Withdrawn status Lost status Source of classification or shelving scheme Damaged status Not for loan Home library Current library Shelving location Date acquired Total Checkouts Full call number Barcode Date last seen Copy number Price effective from Koha item type
    Dewey Decimal Classification     London London Journal article 23/01/2008   L142066 142066-1001 06/08/2019 1 06/08/2019 Journal article